000
00452nam a2200169Ia 4500
008
090711s9999 xx 000 0 und d
082
_b
66563
100
_a
जावडेकर सुबोध
245
_a
गुगली
260
_c
1991
300
_a
139
600
_a
जावडेकर सुबोध
630
_a
गुगली
700
_a
जावडेकर सुबोध
730
_a
गुगली
942
_c
BOOK
999
_c
310780
_d
310780